<?xml version="1.0" encoding="UTF-8"?>
<collection xmlns="http://www.loc.gov/MARC21/slim">
 <record>
  <leader>06377nam a2200361 a 4500</leader>
  <controlfield tag="001">kal2189</controlfield>
  <controlfield tag="003">Gr-AtHEAL</controlfield>
  <controlfield tag="005">20160505182723.0</controlfield>
  <controlfield tag="006">m        d        </controlfield>
  <controlfield tag="008">160413s2015    gr      s           gre|c</controlfield>
  <datafield tag="020" ind1=" " ind2=" ">
   <subfield code="a">9789606034466</subfield>
  </datafield>
  <datafield tag="040" ind1=" " ind2=" ">
   <subfield code="a">GR-AtHEAL</subfield>
   <subfield code="b">gre</subfield>
   <subfield code="c">GR-AtHEAL</subfield>
  </datafield>
  <datafield tag="082" ind1="0" ind2="4">
   <subfield code="a">621.38</subfield>
   <subfield code="2">23</subfield>
  </datafield>
  <datafield tag="100" ind1="1" ind2=" ">
   <subfield code="a">Μπερμπερίδης, Κωνσταντίνος.</subfield>
   <subfield code="8">1059</subfield>
  </datafield>
  <datafield tag="245" ind1="1" ind2="0">
   <subfield code="a">Στατιστική επεξεργασία σημάτων και μάθηση</subfield>
   <subfield code="h">[Ηλεκτρονικός πόρος] </subfield>
   <subfield code="b">Βασικές έννοιες, αλγόριθμοι και μοντέλα</subfield>
   <subfield code="c">Αμπελιώτης, Δημήτριος ; Μαυροκεφαλίδης, Χρήστος ; Μπερμπερίδης, Κωνσταντίνος ; Κριτικός αναγνώστης,Κοφίδης, Ελευθέριος.</subfield>
  </datafield>
  <datafield tag="260" ind1=" " ind2=" ">
   <subfield code="a">Αθήνα :</subfield>
   <subfield code="b">Σύνδεσμος Ελληνικών Ακαδημαϊκών Βιβλιοθηκών,</subfield>
   <subfield code="c">c2015.</subfield>
  </datafield>
  <datafield tag="490" ind1=" " ind2=" ">
   <subfield code="a">Ακαδημαϊκά Ηλεκτρονικά Συγγράμματα και Βοηθήματα Κάλλιπος</subfield>
   <subfield code="8">40</subfield>
  </datafield>
  <datafield tag="520" ind1=" " ind2=" ">
   <subfield code="a">Το βιβλίο αυτό αποτελεί μια εισαγωγή στη στατιστική επεξεργασία σημάτων (ΣΕΣ). Ο ευρύς και σύγχρονος αυτός τομέας της επιστήμης των μηχανικών παρουσιάζεται μέσα από τις εξής βασικές υποπεριοχές του: (α) Τη θεωρία ανίχνευσης, (β) τη θεωρία εκτίμησης παραμέτρων, (γ) την εκτίμηση σημάτων και (δ) τη θεωρία της μηχανικής μάθησης. Ιδιαίτερη προσπάθεια δίνεται στην ενοποιημένη παρουσίαση των υποπεριοχών αυτών. Επίσης, σε όλη την έκταση του βιβλίου γίνεται μια προσπάθεια σύνδεσης της θεωρίας με παραδείγματα στα οποία οι τεχνικές που περιγράφονται βρίσκουν εφαρμογή. Πέρα από ένα πλήρες σύνολο ασκήσεων, για την καλύτερη κατανόηση των εννοιών συμπεριλαμβάνουμε και ένα πλήθος διαδραστικών εξομοιώσεων σε υπολογιστή για την εποπτική μελέτη και αξιολόγηση της συμπεριφοράς των τεχνικών.Η ύλη του βιβλίου αναλύεται σε πέντε κεφάλαια. Το πρώτο κεφάλαιο επιχειρεί να δώσει μια συνολική εικόνα της ύλης, καθώς και το απαραίτητο μαθηματικό υπόβαθρο. Αποτελεί έτσι έναν οδηγό για τον αναγνώστη και ταυτόχρονα τον βοηθά να αποκτήσει γρήγορα μια εποπτική εικόνα της περιοχής και να μπορεί έτσι να τοποθετήσει το εκάστοτε πρόβλημα στο κατάλληλο πλάισιο. Τα επόμενα κεφάλαια παρουσιάζουν κάθε μια από τις τέσσερις βασικές ενότητες που καλύπτει το βιβλίο.Κάθε ενότητα επιλέχθηκε όχι μόνο λόγω της σημασίας της αλλά και λόγω του μεγάλου πλήθους εφαρμογών που καλύπτει. Μερικά ενδεικτικά παραδείγματα είναι η επεξεργασία πολυμεσικών και τηλεπικοινωνιακών σημάτων αλλά και αυτών που εμφανίζονται σε πολύ διαφορετικούς μεταξύ τους κλάδους, όπως η βιοϊατρική, η γεωφυσική, η οικονομετρία, η γενετική, η οικολογία κλπ. Σύγχρονες εφαρμογές της ΣΕΣ συναντάμε επίσης σε έξυπνα ενεργειακά δίκτυα καθώς και στη δημιουργία έξυπνων πόλεων. Γενικότερα, το αντικείμενο σχετίζεται με πληθώρα διεπιστημονικών εφαρμογών και προβλημάτων και, ως εκ τούτου, εκτιμάται ότι το προτεινόμενο σύγγραμμα θα μπορούσε να αποτελέσει εγχειρίδιο για ακαδημαϊκή διδασκαλία αλλά και ένα χρήσιμο οδηγό αναφοράς για πρακτικά προβλήματα.</subfield>
  </datafield>
  <datafield tag="650" ind1=" " ind2="0">
   <subfield code="a">Signal processing.</subfield>
   <subfield code="8">2674</subfield>
  </datafield>
  <datafield tag="653" ind1=" " ind2=" ">
   <subfield code="a">Στοχαστική μοντελοποίηση</subfield>
  </datafield>
  <datafield tag="653" ind1=" " ind2=" ">
   <subfield code="a">Στατιστική επεξεργασία</subfield>
  </datafield>
  <datafield tag="653" ind1=" " ind2=" ">
   <subfield code="a">Τεχνολογία και επιστήμες μηχανικών</subfield>
   <subfield code="a">Μηχανική και τεχνολογία τηλεπικοινωνιών</subfield>
   <subfield code="a">Επεξεργασία σήματος</subfield>
  </datafield>
  <datafield tag="653" ind1=" " ind2=" ">
   <subfield code="a">Τεχνολογία και επιστήμες μηχανικών</subfield>
   <subfield code="a">Μηχανική και τεχνολογία τηλεπικοινωνιών</subfield>
   <subfield code="a">Σήματα και συστήματα</subfield>
  </datafield>
  <datafield tag="653" ind1=" " ind2=" ">
   <subfield code="a">Τεχνολογία και επιστήμες μηχανικών</subfield>
   <subfield code="a">Μηχανική και τεχνολογία τηλεπικοινωνιών</subfield>
  </datafield>
  <datafield tag="653" ind1=" " ind2=" ">
   <subfield code="a">Τεχνολογία και επιστήμες μηχανικών</subfield>
   <subfield code="a">Μηχανική και τεχνολογία τηλεπικοινωνιών</subfield>
   <subfield code="a">Στοχαστικές διεργασίες - θόρυβος</subfield>
  </datafield>
  <datafield tag="700" ind1="1" ind2=" ">
   <subfield code="a">Αμπελιώτης, Δημήτριος</subfield>
   <subfield code="e">Συγγραφέας</subfield>
   <subfield code="8">1060</subfield>
  </datafield>
  <datafield tag="700" ind1="1" ind2=" ">
   <subfield code="a">Μαυροκεφαλίδης, Χρήστος</subfield>
   <subfield code="e">Συγγραφέας</subfield>
   <subfield code="8">1061</subfield>
  </datafield>
  <datafield tag="700" ind1="1" ind2=" ">
   <subfield code="a">Κοφίδης, Ελευθέριος</subfield>
   <subfield code="e">Κριτικός αναγνώστης</subfield>
   <subfield code="8">502</subfield>
  </datafield>
  <datafield tag="856" ind1="4" ind2="0">
   <subfield code="u">http://hdl.handle.net/11419/2189</subfield>
   <subfield code="z">Πλήρες Κείμενο - Full text</subfield>
  </datafield>
  <datafield tag="907" ind1=" " ind2=" ">
   <subfield code="a">.b2567903x</subfield>
   <subfield code="b">12-06-18</subfield>
   <subfield code="c">29-07-16</subfield>
  </datafield>
  <datafield tag="949" ind1=" " ind2=" ">
   <subfield code="0">0</subfield>
   <subfield code="1">0</subfield>
   <subfield code="2">ddc</subfield>
   <subfield code="4">0</subfield>
   <subfield code="6">621_380000000000000_ΜΠΕ</subfield>
   <subfield code="7">0</subfield>
   <subfield code="8">KALL</subfield>
   <subfield code="8">662</subfield>
   <subfield code="d">2016-04-13</subfield>
   <subfield code="r">2016-04-13</subfield>
   <subfield code="w">2016-04-13</subfield>
   <subfield code="z">621.38 ΜΠΕ</subfield>
   <subfield code="o">SEAB KALLIPOS</subfield>
  </datafield>
  <datafield tag="998" ind1=" " ind2=" ">
   <subfield code="a">80</subfield>
   <subfield code="a">01</subfield>
   <subfield code="a">02</subfield>
   <subfield code="a">03</subfield>
   <subfield code="a">04</subfield>
   <subfield code="a">05</subfield>
   <subfield code="a">06</subfield>
   <subfield code="a">07</subfield>
   <subfield code="a">08</subfield>
   <subfield code="a">09</subfield>
   <subfield code="a">10</subfield>
   <subfield code="a">11</subfield>
   <subfield code="a">12</subfield>
   <subfield code="a">13</subfield>
   <subfield code="a">14</subfield>
   <subfield code="a">15</subfield>
   <subfield code="a">16</subfield>
   <subfield code="a">17</subfield>
   <subfield code="a">18</subfield>
   <subfield code="a">19</subfield>
   <subfield code="a">20</subfield>
   <subfield code="a">21</subfield>
   <subfield code="a">22</subfield>
   <subfield code="a">23</subfield>
   <subfield code="a">24</subfield>
   <subfield code="a">25</subfield>
   <subfield code="a">26</subfield>
   <subfield code="b">12-05-17</subfield>
   <subfield code="c">m</subfield>
   <subfield code="d">z  </subfield>
   <subfield code="e">-</subfield>
   <subfield code="f">gre</subfield>
   <subfield code="g">gr </subfield>
   <subfield code="h">0</subfield>
  </datafield>
  <datafield tag="942" ind1=" " ind2=" ">
   <subfield code="2">ddc</subfield>
   <subfield code="c">KALLIPOS</subfield>
  </datafield>
 </record>
</collection>
